000
00320nam a22001457a 4500
999
_c
12591
_d
12591
003
MAJU-Karachi
005
20201003140107.0
008
201003b ||||| |||| 00| 0 eng d
024
_a
B00N4E83CQ
040
_c
123
100
_a
James S. Nairne
245
_a
Psychology
250
_a
5th
942
_2
ddc
_c
PSYCHOLOGY